|
|
|
|
| LEADER |
00000 a2200000 4500 |
| 001 |
RU/ROS-EDU.RU/142765 |
| 856 |
4 |
|
|u https://www.ros-edu.ru/book?id=142765
|z Перейти к просмотру издания
|
| 010 |
|
|
|a 978-5-4497-3613-0
|
| 100 |
|
|
|a 20240101d2024 |||y0rusy0250
|
| 105 |
|
|
|a y z 000zy
|
| 101 |
0 |
|
|a rus
|
| 102 |
|
|
|a RU
|
| 200 |
1 |
|
|a Читаем, рассуждаем, говорим
|b Электронный ресурс
|e Учебное пособие для иностранных студентов
|f С. Я. Евтушенко
|
| 700 |
|
1 |
|b С. Я.
|a Евтушенко
|4 070
|
| 330 |
|
|
|a В учебном пособии решается задача развития речевой и коммуникативной компетенции, выработки умений вести гармоничный диалог и добиваться успеха в коммуникации. Цель издания — достижение коммуникативной компетенции ТРКИ II и подготовка к сдаче сертификационного экзамена ТРКИ-II (субтест «Говорение. Беседа с тестором»), а также активизация лексико-грамматических навыков на материалах аутентичных текстов в пределах тем, общих для данного уровня. Подготовлено в соответствии с образовательными стандартами и с учетом последних достижений коммуникативной методики преподавания русского языка как иностранного. Предназначено для развития навыков устной и письменной речи иностранных учащихся, владеющих русским языком в объёме, приближенном к ТРКИ-2 (общее владение).
|
| 210 |
|
|
|a Москва
|c Ай Пи Ар Медиа
|d 2024
|
| 610 |
1 |
|
|a РКИ
|
| 610 |
1 |
|
|a русский как иностранный
|
| 610 |
1 |
|
|a чтение
|
| 610 |
1 |
|
|a говорение
|
| 610 |
1 |
|
|a коммуникативная компетенция
|
| 610 |
1 |
|
|a ТРКИ-2
|
| 610 |
1 |
|
|a русский язык
|
| 610 |
1 |
|
|a устная речь
|
| 610 |
1 |
|
|a письменная речь
|
| 675 |
|
|
|a 811.161
|
| 686 |
|
|
|a 81.2
|2 rubbk
|
| 300 |
|
|
|a Книга находится в премиум-версии платформы «Русский как иностранный».
|
| 215 |
|
|
|a 131 с.
|